نظام الجنسية المصرية وفقا لأحكام القانون رقم 26 لسنة 1975 المعدل بالقانون رقم 154 لسنة 2004 : (Record no. 24276)

MARC details
000 -الفاتح
حقل البيانات ثابتة الطول 00938nam a22002295a 4500
003 - محدد رقم الضبط
رقم الضبط OSt
005 - وقت وتاريخ اخر تعامل مع التسجيلة
رقم الضبط 20170227153959.0
008 - عناصر البيانات ثابتة الطول - معلومات عامة
حقل البيانات ثابتة الطول 170226s2008 ua frb 000 0 ara d
015 ## -
-- 2008 / 24957
020 ## - الرقم الدولى المعيارى للكتب
الرقم الدولى المعيارى للكتاب 9789770458946
040 ## - مصدر الفهرسة
وكالة الفهرسة الأصلية EG-ScBUE
لغة الفهرسة ara
وكالة النسخ EG-ScBUE
043 ## - رمز المنطقة الجغرافية
رمز المنطقة الجغرافية f-ua---
082 04 - رقم تصنيف ديوى العشرى
رقم التصنيف 342.62083
رقم المادة ن ا ص
رقم الطبعة 22
100 1# - المدخل الرئيسى - إسم شخصى
الإسم الشخصى ناصف، حسام الدين فتحي.
245 10 - بيان العنوان
العنوان نظام الجنسية المصرية وفقا لأحكام القانون رقم 26 لسنة 1975 المعدل بالقانون رقم 154 لسنة 2004 :
بقية العنوان دراسة مقارنة /
بيان المسئوليه,etc حسام الدين فتحي ناصف.
260 ## - PUBLICATION, DISTRIBUTION, ETC. (IMPRINT)
مكان الناشر او الموزع القاهرة :
اسم الناشر او الموزع دار النهضة العربية،
تاريخ النشر أو التوزيع 2008.
300 ## - الوصف المادى
التعداد 514 ص. ؛
أبعاد الوعاء 24 سم.
504 ## - تبصرة ببليوجرافية
تبصرة ببليوجرافية,الخ يشتمل على إرجاعات ببليوجرافية.
650 #7 - المدخل الاضافى بالموضوع-مصطلح موضوعى
مصطلح موضوعي أو اسم جغرافي كعنصر مدخل الجنسية
مصدر الرأس أو المصطلح BUEsh
التقسيم الفرعي العام قوانين وتشريعات
التقسيم الفرعي الجغرافي مصر.
653 ## - مصطلح تكشيفى غير مقيد
Resource For college Law
Arrived date list February2017
942 ## - عناصر المدخل الإضافي( كوها)
مصدر التصنيف او مخطط الترفيف Dewey Decimal Classification
Holdings
حالة التراجع حالة الفقد مصدر التصنيف او خطة الترفيف تحديد مواد ( مجلدات مجمعه أو جزء أخر) حالة تلف ليس للاعارة مجموعات كوها المكان الدائم المكان الحالي موقع الترفيف تاريخ الاكتساب Source of acquisition سعر الشراء الطبيعي تعداد مسلسل / التسلسل الزمني رقم الاستدعاء الباركود Date last seen مُعار التكلفة نوع الوعاء Date last checked out
  Lost Dewey Decimal Classification Lost_In_Inventory_12-2-2024     دار النهضة العربية Central Library Central Library First floor 27/02/2017 Purchase 100.00 2815 342.62083 ن ا ص 000045664 24/08/2022 16/04/2022 125.00 Book - Borrowing  
    Dewey Decimal Classification       دار النهضة العربية Central Library Central Library First floor 27/02/2017 Purchase 100.00 2815 342.62083 ن ا ص 000045665 09/02/2023 09/02/2023 125.00 Book - Borrowing 20/03/2024